ਪੰਜਾਬ ਦੇ ਚੌਣਵੇੰ ਖਿਡਾਰੀ / (Record no. 19534)

MARC details
000 -LEADER
fixed length control field 02685nam a22003257a 4500
005 - DATE AND TIME OF LATEST TRANSACTION
control field 20080926102322.0
008 - FIXED-LENGTH DATA ELEMENTS--GENERAL INFORMATION
fixed length control field 080926t xxu||||| |||| 00| h pnb d
010 ## - LCCN (DPL NO)
LC control number PNB-6284
020 ## - INTERNATIONAL STANDARD BOOK NUMBER
Terms of availability 80.00
International Standard Book Number 978812375088x
035 ## - SYSTEM CONTROL NUMBER
System control number PN-5402
037 ## - SOURCE OF ACQUISITION
Source of stock number/acquisition DBAD / PUB ਨੈਸ਼ਨਲ ਬੁਕ ਟਰੱਸਟ
040 ## - CATALOGING SOURCE
Original cataloging agency DPL
Language of cataloging PN
082 ## - DEWEY DECIMAL CLASSIFICATION NUMBER
Classification number 796
100 ## - MAIN ENTRY--PERSONAL NAME
Personal name ਸਰਵਣ ਸਿੰਘ
245 ## - TITLE STATEMENT
Title ਪੰਜਾਬ ਦੇ ਚੌਣਵੇੰ ਖਿਡਾਰੀ /
Remainder of title ਸਰਵਣ ਸਿੰਘ
246 ## - VARYING FORM OF TITLE
Title proper/short title Punjab De Chonwen Khidari
Remainder of title by Sarwan Singh
260 ## - PUBLICATION, DISTRIBUTION, ETC. (IMPRINT)
Place of publication, distribution, etc ਨਵੀੰ ਦਿੱਲੀ
Name of publisher, distributor, etc ਨੈਸ਼ਨਲ ਬੁਕ ਟਰੱਸਟ
Date of publication, distribution, etc 2007
270 ## - ADDRESS
Address ਏ -5, ਗਰੀਨ ਪਾਰਕ
City ਨਵੀੰ ਦਿੱਲੀ
Postal code 110016
300 ## - PHYSICAL DESCRIPTION
Extent xii, 279 ਪੰ
Dimensions 22 ਸੇਮੀ (ਅਜਿਲ੍ਦ )
650 ## - SUBJECT ADDED ENTRY--TOPICAL TERM
Topical term or geographic name as entry element Punjab Sports Personalities
650 ## - SUBJECT ADDED ENTRY--TOPICAL TERM
Topical term or geographic name as entry element ਪੰਜਾਬ ਦੇ ਚੌਣਵੇ ਖਿਡਾਰੀ
942 ## - ADDED ENTRY ELEMENTS (KOHA)
Source of classification or shelving scheme Dewey Decimal Classification
Item type Punjabi Bks
Call number suffix ਸਰਵ
Classification part 796
Holdings
Withdrawn status Lost status Source of classification or shelving scheme Damaged status Not for loan Collection code Home library Current library Date acquired Cost, normal purchase price Total Checkouts Full call number Barcode Date last seen Copy number Cost, replacement price Koha item type Source of acquisition
    Dewey Decimal Classification     Non-fiction Central Library Central Library 28/04/2009 80.00   796 ਸਰਵ B-328473 28/04/2009 1 80.00 Punjabi Bks ਨਾਰਥ ਇਂਡੀਯਾ ਪਬਲਿਸ਼ਰਜ਼/N 490-08/22:22/13.03.09/15.04.09/80.00
    Dewey Decimal Classification   Not For Loan Non-fiction D.B.Act.Division D.B.Act.Division 05/12/2008 80.00   796 ਸਰਵ PN-5402 05/12/2008 1 80.00 Punjabi Bks  
    Dewey Decimal Classification     Non-fiction Mobile Library Mobile Library 28/04/2009 80.00   796 ਸਰਵ B-328474 28/04/2009 1 80.00 Punjabi Bks ਨਾਰਥ ਇਂਡੀਯਾ ਪਬਲਿਸ਼ਰਜ਼/N 490-08/22:22/13.03.09/15.04.09/80.00
    Dewey Decimal Classification     Non-fiction Patel Nagar Patel Nagar 28/04/2009 80.00   796 ਸਰਵ B-328475 28/04/2009 1 80.00 Punjabi Bks ਨਾਰਥ ਇਂਡੀਯਾ ਪਬਲਿਸ਼ਰਜ਼/N 490-08/22:22/13.03.09/15.04.09/80.00
    Dewey Decimal Classification     Non-fiction Shahdara Branch Shahdara Branch 28/04/2009 80.00   796 ਸਰਵ B-328477 28/04/2009 1 80.00 Punjabi Bks ਨਾਰਥ ਇਂਡੀਯਾ ਪਬਲਿਸ਼ਰਜ਼/N 490-08/22:22/13.03.09/15.04.09/80.00
    Dewey Decimal Classification     Non-fiction Vinoba Puri Vinoba Puri 28/04/2009 80.00   796 ਸਰਵ B-328476 28/04/2009 1 80.00 Punjabi Bks ਨਾਰਥ ਇਂਡੀਯਾ ਪਬਲਿਸ਼ਰਜ਼/N 490-08/22:22/13.03.09/15.04.09/80.00

© Delhi Public Library
Hit Counter
free hit counter